| 000 | 01851nam0a2200373 4500 | ||
|---|---|---|---|
| 001 | RU\NLR\BIBL_A\012056095 | ||
| 005 | 20191025132334.0 | ||
| 010 |
_a978-5-7367-1499-5 _9300 |
||
| 021 |
_aRU _bКН-П-19-043550 _9КН-П-19-3186 |
||
| 035 | _a(NLR Aleph) 012056095 | ||
| 035 | _a(RuMoRGB)010011571 | ||
| 090 |
_a11677147 _c11677147 |
||
| 100 | _a20190710d2019 k y0rusy50 ca | ||
| 101 | 0 |
_arus _deng |
|
| 102 | _aRU | ||
| 105 | _ay|||z|||000zy | ||
| 200 | 1 |
_aОсновные виды научно-технической и информационной продукции _e(термины и определения) _fМинистерство сельского хозяйства Российской Федерации _g[В. Ф. Федоренко, акад. РАН, д-р техн. наук, проф. и др.] |
|
| 210 |
_aМосква _cРосинформагротех _d2019 |
||
| 215 |
_a70 с. _cтабл. _d20 |
||
| 300 | _aРез. англ. | ||
| 320 | _aБиблиогр.: с. 62-64 (33 назв.) | ||
| 606 | 1 |
_aСельское хозяйство _xИнформация научная _xТерминология _92399862 _3RU\NLR\AUTH\661430601 |
|
| 606 | 1 |
_aТехническая документация _jТерминологические словари _91456340 _3RU\NLR\AUTH\66617519 |
|
| 686 | 1 | _aП.ф1 | |
| 686 | 1 | _aЖ.ф8я212 | |
| 702 | 1 |
_4220 _7ca _8rus _aФедоренко _bВ. Ф. _f1951- _gВячеслав Филиппович _957536 _3RU\NLR\AUTH\7774608 |
|
| 712 | 0 | 1 |
_4475 _aРоссийская Федерация _bМинистерство сельского хозяйства _9285989 _3RU\NLR\AUTH\887005 |
| 942 | _cBOOK | ||
| 980 | _aNBR | ||
| 980 | _aNB | ||